000 00488nam a2200169Ia 4500
008 100122s9999 xx 000 0 und d
082 _b50342
_a823
100 _aइनामदार ना सं
245 _aराऊ
260 _bकॉटिनेंटल प्रकाशन
_c1994
300 _a417
520 _aथोरले बाजीराव
620 _aथोरले बाजीराव
630 _aराऊ
730 _aराऊ
942 _cBOOK
999 _c428085
_d428082